| 000 | 02414 a2200253 4500 | ||
|---|---|---|---|
| 003 | NALT | ||
| 005 | 20250716140955.0 | ||
| 008 | 250611b th ||||| |||| 00| 0 tha d | ||
| 020 | _a9786164388840 | ||
| 040 | _aNALT | ||
| 050 |
_aHF 1379 _bธ285ศ 2567 |
||
| 100 | 0 |
_aธเนศ วัฒนกูล. _961776 |
|
| 245 | 1 | 0 |
_aเศรษฐศาสตร์การค้าระหว่างประเทศ : ทฤษฎีและนโยบาย = _bEconomics of international trade : theory and policy / _cธเนศ วัฒนกูล. |
| 246 | 3 | 1 |
_aEconomics of international trade : _btheory and policy. |
| 250 | _aพิมพ์ครั้งที่ 4. | ||
| 260 |
_aหนองคาย : _bคณะสหวิทยาการ มหาวิทยาลัยขอนแก่น วิทยาเขตหนองคาย, _c2567. |
||
| 300 |
_a192 หน้า : _bภาพประกอบ, ตาราง ; _c26 ซม. |
||
| 505 | 2 | _aบทที่ 1 บทนำ -- บทที่ 2 ทฤษฎีการค้าระหว่างประเทศขั้นสูง 1 -- บทที่ 3 ทฤษฎีการค้าระหว่างประเทศขั้นสูง 2 -- บทที่ 4 นโยบายการค้าระหว่างประเทศของประเทศกำลังพัฒนา -- บทที่ 5 นโยบายการค้าของประเทศไทยในปัจจุบัน -- บทที่ 6 การเคลื่อนย้ายปัจจัยการผลิตระหว่างประเทศ -- บทที่ 7 การลงทุนโดยตรงในต่างประเทศ -- บทที่ 8 การค้าระหว่างประเทศกับการพัฒนาทางเศรษฐกิจ -- บทที่ 9 การค้าระหว่างประเทศกับความเจริญเติบโตทางเศรษฐกิจ -- บทที่ 10 การรวมกลุ่มทางเศรษฐกิจ. | |
| 650 | 4 |
_aการค้าระหว่างประเทศ _99659 |
|
| 942 |
_cGB _2lcc |
||
| 996 |
_ajidapa.t _bACQSTF _c2025-06-11 |
||
| 996 |
_avaree.k _bLIBSTF _c2025-06-20 |
||
| 996 |
_asaiphon.d _bCATSTF _c2025-07-16 |
||
| 999 |
_c106862 _d106862 |
||
| 998 |
_j104 _k นางสาวสายฝน ดีงาม |
||